[Event "7th Open"]
[Site "Dubai UAE"]
[Date "2005.04.11"]
[Round "8"]
[White "Gonzales,Jay"]
[Black "Areshchenko,A"]
[Result "0-1"]
[WhiteElo "2474"]
[BlackElo "2595"]
[EventDate "2005.04.04"]

1. d4 Nf6 2. c4 g6 3. Nc3 d5 4. Nf3 Bg7 5. Bg5 Ne4 6. cxd5 Nxg5 7. Nxg5 e6
8. Nf3 exd5 9. e3 a5 10. a3 O-O 11. Bd3 c6 12. O-O Qd6 13. Rb1 Na6 14. Qd2
f5 15. Na4 Nc7 16. Rfe1 Ra7 17. Bf1 Ne6 18. g3 b5 19. Nc3 g5 20. Qd1 Raf7
21. Bg2 h5 22. Rc1 Bd7 23. Rc2 Bf6 24. Ne2 Rh7 25. Ne5 Bxe5 26. dxe5 Qxe5
27. Nd4 Nxd4 28. exd4 Qf6 29. f4 h4 30. Qd2 hxg3 31. hxg3 Qh6 32. Kf1 gxf4
33. gxf4 Rg7 34. Rc3 Rg4 35. Rf3 Kf7 36. Qxa5 Qh2 37. Re2 Rxf4 38. Qd2
Rxf3+ 39. Bxf3 Qh3+ 40. Bg2 Qh4 41. Qb4 Qf4+ 42. Kg1 Re8 43. Rxe8 Bxe8 44.
Qc3 Qg4 45. b3 Ke7 46. Qb4+ Kd7 47. a4 f4 48. Qf8 bxa4 49. bxa4 Bh5 50. Kf2
Qg3+ 51. Kf1 Qd3+ 52. Kg1 Qxd4+ 53. Kh2 Qe5 54. Bh3+ Kc7 55. Kg1 Qe3+ 0-1

[Event "7th Open"]
[Site "Dubai UAE"]
[Date "2005.04.11"]
[Round "8"]
[White "Wang Rui"]
[Black "Solak,D"]
[Result "0-1"]
[WhiteElo "2457"]
[BlackElo "2582"]
[EventDate "2005.04.04"]

1. d4 d6 2. Nf3 g6 3. c4 Bg7 4. e4 e5 5. Nc3 Nc6 6. Bg5 f6 7. Be3 f5 8.
exf5 Bxf5 9. Be2 exd4 10. Nxd4 Nge7 11. O-O O-O 12. Bf3 Qd7 13. Nd5 Rae8
14. Re1 Nxd4 15. Bxd4 Nc6 16. Rxe8 Rxe8 17. Nf6+ Bxf6 18. Bxf6 Be4 19. Bc3
Qe6 20. b3 Bxf3 21. Qxf3 Nd4 22. Qd3 Ne2+ 23. Kf1 Nxc3 24. Qxc3 Qe2+ 25.
Kg1 Qe5 26. Qxe5 Rxe5 27. Kf1 Kf7 28. Rc1 Ke6 29. Rc3 c5 30. Rf3 d5 31.
cxd5+ Rxd5 32. Ke2 b5 33. Rf8 Re5+ 34. Kd3 Rf5 35. Re8+ Kd7 36. Rh8 Rxf2
37. Rxh7+ Kc6 38. Rxa7 Rxg2 39. h4 Kb6 40. Rg7 Rxa2 41. Rxg6+ Ka5 42. Kc3
b4+ 43. Kc4 Rc2+ 44. Kd5 Kb5 45. Rg8 Rd2+ 46. Ke6 Rd3 47. Rb8+ Kc6 48. h5
Rxb3 49. Kf6 Rh3 50. Kg5 Kd5 51. h6 Kc4 52. Kg6 Kb3 53. h7 Rxh7 54. Kxh7 c4
55. Kg6 c3 56. Kf5 c2 57. Rc8 Kb2 0-1

[Event "7th Open"]
[Site "Dubai UAE"]
[Date "2005.04.11"]
[Round "8"]
[White "Fedorchuk,S"]
[Black "Xu Yuhua"]
[Result "1-0"]
[WhiteElo "2577"]
[BlackElo "2478"]
[EventDate "2005.04.04"]

1. e4 c5 2. Nf3 d6 3. d4 cxd4 4. Nxd4 Nf6 5. Nc3 a6 6. Be3 e5 7. Nb3 Be6 8.
f3 Nbd7 9. g4 Nb6 10. g5 Nh5 11. Qd2 Rc8 12. O-O-O Be7 13. Rg1 O-O 14. Kb1
Qc7 15. Qf2 Bd8 16. h4 g6 17. Rd2 f5 18. gxf6 Rxf6 19. Bd3 Qf7 20. Be2 Nc4
21. Bxc4 Bxc4 22. Qe1 b5 23. Bg5 b4 24. Nd5 Rxf3 25. Bxd8 Rxd8 1-0

[Event "7th Open"]
[Site "Dubai UAE"]
[Date "2005.04.11"]
[Round "8"]
[White "Kobalia,M"]
[Black "Djuric,S"]
[Result "0-1"]
[WhiteElo "2644"]
[BlackElo "2459"]
[EventDate "2005.04.04"]

1. e4 c6 2. d4 d5 3. exd5 cxd5 4. c4 Nf6 5. Nc3 e6 6. Nf3 Be7 7. cxd5 Nxd5
8. Bd3 Nc6 9. O-O O-O 10. Re1 Qd6 11. a3 Bd7 12. Bc2 Rac8 13. Qd3 g6 14.
Bh6 Rfd8 15. Ne4 Qc7 16. Bb3 Be8 17. Ba2 Qb6 18. Qd2 Na5 19. Nc5 Nc6 20.
Rac1 Nxd4 21. Qxd4 0-1

[Event "7th Open"]
[Site "Dubai UAE"]
[Date "2005.04.11"]
[Round "8"]
[White "Tissir,M"]
[Black "Volkov,S1"]
[Result "1/2-1/2"]
[WhiteElo "2442"]
[BlackElo "2634"]
[EventDate "2005.04.04"]

1. e4 e6 2. d4 d5 3. Nd2 Nf6 4. e5 Nfd7 5. Bd3 c5 6. c3 Nc6 7. Ne2 cxd4 8.
cxd4 f6 9. exf6 Qxf6 10. Nf3 h6 11. O-O Bd6 12. Ng3 O-O 13. b3 e5 14. dxe5
Ndxe5 15. Nxe5 Bxe5 16. Ba3 Rf7 17. Rc1 Be6 18. Bb1 g6 19. Qd3 Bf4 20. Rcd1
Ne5 21. Qd4 Bg4 22. f3 Nxf3+ 23. gxf3 Qxd4+ 24. Rxd4 Be3+ 25. Kg2 Bxd4 26.
fxg4 Rxf1 27. Kxf1 Kf7 28. h4 Be5 29. Kf2 Rc8 30. h5 gxh5 31. gxh5 Kf6 32.
Bg6 a5 33. Ne2 Kg7 34. Bc1 a4 35. Be3 axb3 36. axb3 Ra8 37. Nd4 Ra2+ 38.
Kf3 Kf6 39. Nf5 Rb2 40. Nxh6 Rxb3 41. Ng4+ Ke6 42. Nxe5 Kxe5 43. Ke2 Rxe3+
1/2-1/2

[Event "7th Open"]
[Site "Dubai UAE"]
[Date "2005.04.11"]
[Round "8"]
[White "Maric,A"]
[Black "Sorokin,M"]
[Result "1/2-1/2"]
[WhiteElo "2416"]
[BlackElo "2599"]
[EventDate "2005.04.04"]

1. d4 d6 2. Nf3 Bg4 3. g3 Bxf3 4. exf3 Nf6 5. c4 g6 6. Qb3 Qc8 7. Nc3 Bg7
8. h4 Nbd7 9. Bh3 O-O 10. O-O a6 11. Re1 e6 12. Be3 c6 13. Rac1 Re8 14. Qd1
Qc7 15. Qd2 Qa5 16. Ne4 Qxd2 17. Nxd2 d5 18. c5 a5 19. a4 Rec8 20. Rc2 b6
21. cxb6 Nxb6 22. b3 Nbd7 23. Rec1 Ra6 24. Bf1 Rb6 25. Bb5 Nb8 26. Kf1 Ne8
27. Bf4 Bxd4 28. Bxb8 Rcxb8 29. Rxc6 Nd6 30. Rxb6 Rxb6 31. Bd3 Bb2 32. Rc5
Kg7 33. Ke2 Nb7 34. Rb5 Bd4 35. f4 Rxb5 36. Bxb5 Nc5 37. b4 axb4 38. a5 Nb7
39. Nb3 Ba7 40. a6 Nd6 1/2-1/2

[Event "7th Open"]
[Site "Dubai UAE"]
[Date "2005.04.11"]
[Round "8"]
[White "Minasian,Art"]
[Black "Danielian,E"]
[Result "1-0"]
[WhiteElo "2597"]
[BlackElo "2415"]
[EventDate "2005.04.04"]

1. g3 d5 2. Bg2 Nf6 3. d3 c6 4. Nf3 Bg4 5. b3 Nbd7 6. Bb2 e6 7. Nbd2 Bd6 8.
h3 Bxf3 9. Nxf3 Qa5+ 10. c3 Qb6 11. Qc2 a5 12. a3 O-O 13. c4 e5 14. O-O
Rfe8 15. e3 dxc4 16. dxc4 Rad8 17. Bc3 Bf8 18. Rfb1 Qa6 19. Nd2 b5 20. b4
bxc4 21. bxa5 Nd5 22. Bf1 Nxc3 23. Qxc3 Qa7 24. Nxc4 Nc5 25. Rd1 e4 26.
Rxd8 Rxd8 27. Ne5 Na4 28. Qxc6 Bd6 29. Nxf7 Kxf7 30. Qxa4 Be5 31. Rb1 1-0

[Event "7th Open"]
[Site "Dubai UAE"]
[Date "2005.04.11"]
[Round "8"]
[White "Gurieli,N"]
[Black "Sulskis,S"]
[Result "1/2-1/2"]
[WhiteElo "2348"]
[BlackElo "2545"]
[EventDate "2005.04.04"]

1. e4 e5 2. Nf3 d6 3. d4 Qe7 4. Nc3 c6 5. dxe5 dxe5 6. Bc4 f6 7. O-O Be6 8.
Qe2 Bxc4 9. Qxc4 Qf7 10. Qxf7+ Kxf7 11. Rd1 Bb4 12. Na4 Ke8 13. a3 Be7 14.
c4 Nd7 15. Be3 b6 16. b4 g6 17. Nc3 Rc8 18. Rab1 h5 19. Nh4 Nf8 20. a4 Nh6
21. h3 Nf7 22. c5 bxc5 23. Bxc5 Bxc5 24. bxc5 1/2-1/2

[Event "7th Open"]
[Site "Dubai UAE"]
[Date "2005.04.11"]
[Round "8"]
[White "Mchedlishvili,M"]
[Black "Huang Qian"]
[Result "1-0"]
[WhiteElo "2518"]
[BlackElo "2382"]
[EventDate "2005.04.04"]

1. c4 Nf6 2. Nc3 g6 3. d4 Bg7 4. e4 d6 5. Nf3 O-O 6. h3 e5 7. d5 a5 8. Bg5
Na6 9. Nd2 Bd7 10. Be2 Qe8 11. g4 c6 12. h4 cxd5 13. exd5 Nc5 14. Be3 Qc8
15. g5 Ne8 16. Nce4 Nxe4 17. Nxe4 Bf5 18. Ng3 Bd7 19. h5 a4 20. Qd2 Bf5 21.
Rh4 Bd7 22. Rc1 Qd8 23. hxg6 hxg6 24. Bd3 Rc8 25. Qb4 f5 26. gxf6 Qxf6 27.
Rh2 e4 28. Bxe4 Qf7 29. Bd3 Be5 30. Rh6 Bf5 31. Nxf5 gxf5 32. Ke2 Qg7 33.
Rhh1 Qg4+ 34. Kd2 f4 35. Bb6 Ng7 36. Rcg1 Qd7 37. Kc1 Kf7 38. c5 a3 39.
Qxa3 dxc5 40. Bg6+ Ke7 41. Re1 Qd6 42. Ba5 Kf6 43. Bh7 Kf7 44. Bc3 Rfe8 45.
Reg1 Rh8 46. Bxe5 Qxe5 47. Qh3 c4 48. Qd7+ 1-0

[Event "7th Open"]
[Site "Dubai UAE"]
[Date "2005.04.11"]
[Round "8"]
[White "Mamedov,Rau"]
[Black "El Arousy,A"]
[Result "1-0"]
[WhiteElo "2511"]
[BlackElo "2371"]
[EventDate "2005.04.04"]

1. e4 e6 2. d4 d5 3. Nd2 dxe4 4. Nxe4 Bd7 5. Nf3 Bc6 6. Bd3 Nd7 7. Qe2 Ngf6
8. Ng3 Be7 9. Bd2 Bxf3 10. Qxf3 c5 11. dxc5 Bxc5 12. O-O O-O 13. Qe2 Qc7
14. Rae1 Rfe8 15. Kh1 Bf8 16. c4 Rad8 17. Bc3 a5 18. a3 g6 19. f4 Bg7 20.
b4 axb4 21. axb4 h5 22. Qb2 Rf8 23. Ne4 Ne8 24. c5 Bh6 25. Bb5 Bxf4 26.
Bxd7 Rxd7 27. Bg7 Bxh2 28. Bxf8 Be5 29. Qb3 Kxf8 30. Qxe6 Ng7 31. Qxg6 Rd4
32. Qh7 f5 33. Rxf5+ Nxf5 34. Qxf5+ Kg7 35. Qg5+ Kh8 36. Nf6 1-0

[Event "7th Open"]
[Site "Dubai UAE"]
[Date "2005.04.11"]
[Round "8"]
[White "Wang Yu A"]
[Black "Moradiabadi,E"]
[Result "1-0"]
[WhiteElo "2373"]
[BlackElo "2502"]
[EventDate "2005.04.04"]

1. e4 c5 2. Nf3 e6 3. d4 cxd4 4. Nxd4 a6 5. Nc3 Qc7 6. Bd3 Nf6 7. f4 d6 8.
Qe2 g6 9. f5 Bg7 10. fxe6 fxe6 11. Bc4 Nc6 12. Be3 Qe7 13. O-O-O Bd7 14.
Nf3 b5 15. Bb3 O-O 16. Bf4 Ne8 17. Bg5 Qf7 18. Rhf1 Nc7 19. Rxd6 Nd4 20.
Qd2 b4 21. Ne2 Nxb3+ 22. axb3 Bf6 23. Qd1 a5 24. Ned4 Be8 25. Kb1 h5 26.
Ra6 Nxa6 27. Qd3 Kh7 1-0

[Event "7th Open"]
[Site "Dubai UAE"]
[Date "2005.04.11"]
[Round "8"]
[White "Zhao Xue"]
[Black "Bosboom Lanchava,T"]
[Result "1-0"]
[WhiteElo "2478"]
[BlackElo "2359"]
[EventDate "2005.04.04"]

1. d4 d6 2. Nf3 g6 3. c4 Bg7 4. Nc3 Nd7 5. e4 e5 6. Be2 c6 7. O-O Nh6 8.
Rb1 O-O 9. b4 a6 10. a3 Re8 11. d5 c5 12. Qc2 f6 13. Ne1 Nf7 14. Nd3 f5 15.
f4 exf4 16. Nxf4 Nf8 17. exf5 Bxf5 18. Bd3 Bxd3 19. Nxd3 cxb4 20. axb4 Qh4
21. Ne2 g5 22. Bb2 Ne5 23. Nxe5 Bxe5 24. Ng3 Ng6 25. Bxe5 Rxe5 26. Nf5 Qh5
27. Rbe1 Rf8 28. Rxe5 Nxe5 29. Qe4 Rf6 30. c5 g4 31. Rf4 g3 32. Nxg3 Qd1+
33. Rf1 Rxf1+ 34. Nxf1 Nf7 35. h3 Qc1 36. Qg4+ Kf8 37. Qd4 a5 38. cxd6 Nxd6
39. bxa5 Qc4 40. Qh8+ Ke7 41. Qe5+ Kd7 42. Qe6+ 1-0

[Event "7th Open"]
[Site "Dubai UAE"]
[Date "2005.04.11"]
[Round "8"]
[White "Rohit,G"]
[Black "Zhou Jianchao"]
[Result "0-1"]
[WhiteElo "2352"]
[BlackElo "2473"]
[EventDate "2005.04.04"]

1. e4 c5 2. Nf3 d6 3. d4 cxd4 4. Nxd4 Nf6 5. Nc3 a6 6. Be3 e5 7. Nb3 Be6 8.
Qd2 Nbd7 9. f3 h5 10. O-O-O Qc7 11. g3 b5 12. Nd5 Bxd5 13. exd5 Nb6 14.
Bxb6 Qxb6 15. Qc3 g6 16. Na5 Bh6+ 17. Kb1 O-O 18. Nc6 Bg7 19. Qa3 Qc7 20.
Bh3 e4 21. Rhe1 Rfe8 22. f4 a5 23. Qb3 Ra6 24. Nd4 a4 25. Qxb5 Rea8 26. Bf1
Rb6 27. Qc4 Qb7 28. Kc1 a3 29. bxa3 Rc8 30. Nc6 Nxd5 31. Na5 Bb2+ 32. Kd2
Qa8 0-1

[Event "7th Open"]
[Site "Dubai UAE"]
[Date "2005.04.11"]
[Round "8"]
[White "Ramesh,R"]
[Black "Shashikant,K"]
[Result "1-0"]
[WhiteElo "2466"]
[BlackElo "2303"]
[EventDate "2005.04.04"]

1. e4 c5 2. Nf3 d6 3. d4 cxd4 4. Nxd4 Nf6 5. Nc3 Nc6 6. Bg5 e6 7. Qd2 a6 8.
O-O-O Nxd4 9. Qxd4 Be7 10. h4 b5 11. f3 Qa5 12. e5 dxe5 13. Qxe5 Bb7 14.
Bd3 h6 15. Bd2 Qb6 16. Kb1 Bc5 17. Qe2 Rd8 18. g4 Bd4 19. g5 hxg5 20. hxg5
Rxh1 21. Rxh1 Nd5 22. Nxd5 Bxd5 23. g6 fxg6 24. Bxg6+ Kd7 25. Be4 Kc8 26.
Bc1 Bc4 27. Qg2 Qa5 28. a3 b4 29. Bd2 Bxb2 30. Bxb4 Qe5 31. c3 Bxc3 32. Rc1
Bd3+ 33. Bxd3 Rxd3 34. Qb2 Qf5 35. Ka1 Qxf3 36. Bxc3 Rd1 37. Be5+ Kd7 38.
Bxg7 Rxc1+ 39. Qxc1 Qd5 40. Qe1 Qd3 41. Bb2 Qd5 42. Qg1 Kc6 43. Qf1 Kb7 44.
Qe1 Qc4 45. Be5 Kc6 46. Bc3 Qd5 47. a4 Qb3 48. Qe4+ Qd5 49. Qe2 Kb7 50. Kb2
Qc6 51. Qg4 Qb6+ 52. Ka1 Qc5 53. Qe4+ Qd5 54. Qb4+ Kc6 55. Bd4 Qh1+ 56. Kb2
Qg2+ 57. Ka3 Qf3+ 58. Bc3 Qd3 59. Qb3 Qd6+ 60. Bb4 Qd5 61. Qc3+ Kb6 62.
Qe3+ Kc6 63. Qc3+ Kb6 64. Be7 Kb7 65. Bc5 Kc6 66. Bd4+ Kd7 67. Be5 Qc6 68.
Qd4+ Kc8 69. Bf4 Qf3+ 70. Kb4 Qd5 71. Qc3+ Kd7 72. Qc7+ Ke8 73. Qc8+ Ke7
74. Qxa6 Qe4+ 75. Qc4 Qb7+ 76. Kc3 Qf3+ 77. Kc2 Qf2+ 78. Bd2 Qf5+ 79. Kc1
Kd7 80. a5 Qd5 81. Qb4 Qc6+ 82. Kb2 Kc8 83. Qb6 Qb7 84. Ka3 Qf3+ 85. Be3
Qb7 86. Qxe6+ 1-0

[Event "7th Open"]
[Site "Dubai UAE"]
[Date "2005.04.11"]
[Round "8"]
[White "Kuzubov,Y"]
[Black "Safarli,E"]
[Result "1/2-1/2"]
[WhiteElo "2558"]
[BlackElo "2328"]
[EventDate "2005.04.04"]

1. d4 Nf6 2. c4 e6 3. Nc3 Bb4 4. g3 O-O 5. Bg2 d5 6. a3 Bxc3+ 7. bxc3 c5 8.
Nf3 Nc6 9. O-O dxc4 10. Qa4 cxd4 11. cxd4 Bd7 12. Qxc4 Na5 13. Qd3 Bc6 14.
Bg5 h6 15. Bxf6 Qxf6 16. Rac1 Rac8 17. Ne5 Bxg2 18. Kxg2 Rfd8 19. Qb5 Rxc1
20. Rxc1 Nc6 21. Qxb7 Nxe5 22. dxe5 Qxe5 23. Qf3 a5 24. a4 g6 25. e3 Kg7
26. Rb1 Rb8 27. Rxb8 Qxb8 1/2-1/2

[Event "7th Open"]
[Site "Dubai UAE"]
[Date "2005.04.11"]
[Round "8"]
[White "Wu Wenjin"]
[Black "Najjar,A"]
[Result "1/2-1/2"]
[WhiteElo "2535"]
[BlackElo "2322"]
[EventDate "2005.04.04"]

1. d4 d5 2. Nf3 e6 3. c4 Nf6 4. Nc3 Be7 5. g3 Nbd7 6. Bg2 O-O 7. Ne5 Nxe5
8. dxe5 Nd7 9. cxd5 Nxe5 10. dxe6 Qxd1+ 11. Nxd1 fxe6 12. O-O c6 13. Nc3
Bd7 14. Ne4 h6 15. Rd1 Be8 16. Bf4 Nf7 17. Bh3 e5 18. Be3 b6 19. Be6 Kh7
20. h4 c5 21. Nc3 Rd8 22. Bf5+ Kh8 23. Rxd8 Nxd8 24. Be4 Ne6 25. Rd1 Nd4
26. Kg2 Bf7 27. Bc1 1/2-1/2

[Event "7th Open"]
[Site "Dubai UAE"]
[Date "2005.04.11"]
[Round "8"]
[White "Aleskerov,F"]
[Black "El Taher,F"]
[Result "1/2-1/2"]
[WhiteElo "2319"]
[BlackElo "2458"]
[EventDate "2005.04.04"]

1. e4 c6 2. d4 d5 3. e5 c5 4. c3 Nc6 5. Be3 Nh6 6. dxc5 Nxe5 7. Bxh6 gxh6
8. Nf3 Nxf3+ 9. Qxf3 e6 10. b4 a5 11. a3 Bg7 12. Ra2 O-O 13. Bd3 f5 14. Rd2
Qg5 15. Bb5 axb4 16. axb4 Ra1 17. Rd1 Qg4 18. Qxg4 fxg4 19. O-O h5 1/2-1/2

[Event "7th Open"]
[Site "Dubai UAE"]
[Date "2005.04.11"]
[Round "8"]
[White "Khairallah,F"]
[Black "Bistric,F"]
[Result "0-1"]
[WhiteElo "2298"]
[BlackElo "2440"]
[EventDate "2005.04.04"]

1. e4 c5 2. Nf3 e6 3. d4 cxd4 4. Nxd4 Nf6 5. Nc3 d6 6. g4 a6 7. g5 Nfd7 8.
Be3 b5 9. a3 Nb6 10. Qh5 g6 11. Qh4 N8d7 12. Rd1 Bb7 13. Bg2 Bg7 14. O-O
O-O 15. Nde2 Nc4 16. Bc1 Qa5 17. Rd3 Rfd8 18. f4 b4 19. axb4 Qxb4 20. Rh3
Nf8 21. Nb1 Re8 22. Kh1 Rab8 23. b3 Ba8 24. Nec3 Na5 25. Ba3 Qb6 26. Rd3
Nb7 27. Na4 Qa7 28. c4 Nc5 29. Nxc5 dxc5 30. Qf2 Bd4 31. Qd2 Bc6 32. Bb2 e5
33. f5 Rb6 34. Bxd4 exd4 35. Qe2 Qb7 36. Nd2 Nd7 37. fxg6 hxg6 38. Rh3 Ne5
39. Qf2 Bd7 40. Rh6 Bg4 41. Qh4 Bh5 42. Rf6 Rbe6 43. Bh3 Qd7 44. Bxe6 Rxe6
45. Rxe6 Qxe6 46. Rxh5 gxh5 47. Qxh5 Qb6 48. Qe2 Qb4 49. Kg2 Qc3 50. h4 Ng6
51. Kg1 Nxh4 52. Kf2 Ng6 53. Qd1 Qe3+ 54. Kf1 Ne5 55. Qe2 Qxg5 56. Qg2 0-1

[Event "7th Open"]
[Site "Dubai UAE"]
[Date "2005.04.11"]
[Round "8"]
[White "Kulicov,O"]
[Black "Aswin,J"]
[Result "1-0"]
[WhiteElo "2402"]
[BlackElo "2213"]
[EventDate "2005.04.04"]

1. e4 c5 2. c3 Nf6 3. e5 Nd5 4. Nf3 e6 5. d4 cxd4 6. cxd4 b6 7. Nc3 Nxc3 8.
bxc3 Qc7 9. Bd2 Bb7 10. Bd3 d6 11. O-O Nd7 12. Re1 dxe5 13. Nxe5 Nxe5 14.
Rxe5 Bd6 15. Rh5 g6 16. Bb5+ Bc6 17. Qf3 O-O-O 18. Bxc6 gxh5 19. h3 Rhg8
20. a4 Rg7 21. Ba8 Kb8 22. Be4 f5 23. Bd3 Qb7 24. Qxb7+ Kxb7 25. Be2 e5 26.
Bxh5 e4 27. Re1 Rdg8 28. g4 Re7 29. Kf1 f4 30. Ke2 Rc8 31. Ra1 Rc4 32. g5
a5 33. g6 hxg6 34. Bxg6 e3 35. fxe3 fxe3 36. Be1 Bf4 37. Kd3 Rc8 38. h4 Bh6
39. Bg3 Ka7 40. Re1 Rg7 41. h5 Rf8 42. Be5 Rb7 43. c4 Rf2 44. Rxe3 Bxe3 45.
Kxe3 Ra2 46. h6 Rxa4 47. h7 Rxh7 48. Bxh7 Rxc4 49. d5 Rc8 50. d6 Rd8 51.
Kd4 Kb7 52. Be4+ Kc8 53. Bc6 Rd7 54. Bxd7+ Kxd7 55. Kd5 b5 56. Bc3 b4 57.
Bd2 b3 58. Bc1 a4 59. Ba3 Kd8 60. Ke6 Kc8 61. d7+ Kd8 1-0

[Event "7th Open"]
[Site "Dubai UAE"]
[Date "2005.04.11"]
[Round "8"]
[White "Al Qudaimi,B"]
[Black "Patwardhan,O"]
[Result "1-0"]
[WhiteElo "2363"]
[BlackElo "2230"]
[EventDate "2005.04.04"]

1. e4 c5 2. Nf3 Nc6 3. Bb5 g6 4. Bxc6 dxc6 5. d3 Bg7 6. Nc3 Nf6 7. h3 Nd7
8. Be3 e5 9. a4 Qe7 10. Qd2 h6 11. a5 f5 12. g3 Rb8 13. Nh4 Qf6 14. exf5
gxf5 15. f4 O-O 16. O-O-O b6 17. Rhf1 bxa5 18. fxe5 Nxe5 19. Bxc5 Rd8 20.
Qf4 Be6 21. Nxf5 Bxf5 22. Qxf5 Qxf5 23. Rxf5 Rb7 24. Re1 Nd7 25. Ba3 c5 26.
Ne4 Rdb8 27. Nxc5 Nxc5 28. Rxc5 Bxb2+ 29. Bxb2 Rxb2 30. Rxa5 R8b7 31. Re6
Kg7 32. Raa6 1-0

[Event "7th Open"]
[Site "Dubai UAE"]
[Date "2005.04.12"]
[Round "9"]
[White "Bu Xiangzhi"]
[Black "Zhang Pengxiang"]
[Result "1/2-1/2"]
[WhiteElo "2630"]
[BlackElo "2583"]
[EventDate "2005.04.04"]

1. d4 d5 2. Nf3 Nf6 3. c4 c6 4. Nc3 dxc4 5. a4 Bf5 6. Ne5 Nbd7 7. Nxc4 Nb6
8. Ne5 e6 9. f3 Nfd7 10. a5 Nxe5 11. axb6 Nd7 12. bxa7 Qb6 13. e4 Bg6 14.
Be2 Rxa7 15. Rxa7 Qxa7 16. Be3 Bb4 17. h4 h5 18. O-O e5 19. Qd2 exd4 20.
Bxd4 Bc5 21. Rd1 Bxd4+ 22. Qxd4 Qxd4+ 23. Rxd4 Ke7 1/2-1/2

[Event "7th Open"]
[Site "Dubai UAE"]
[Date "2005.04.12"]
[Round "9"]
[White "Zhang Zhong"]
[Black "Miroshnichenko,E"]
[Result "1/2-1/2"]
[WhiteElo "2599"]
[BlackElo "2628"]
[EventDate "2005.04.04"]

1. e4 c5 2. Nf3 d6 3. d4 cxd4 4. Nxd4 Nf6 5. Nc3 Nc6 6. Bg5 Qb6 7. Nb3 e6
8. Be2 Be7 9. O-O a6 10. a4 Qc7 11. a5 O-O 12. Be3 Bd7 13. f4 Nb4 14. Bf3
Rac8 15. Rf2 Rfe8 16. Bb6 Qb8 17. Qd4 Nc6 18. Qd2 h6 19. Rd1 e5 20. f5 Nb4
21. g4 Rc4 22. h4 Nh7 23. Rh2 d5 24. Be2 Rcc8 25. exd5 Bd6 26. Ne4 Rxc2 27.
Qe3 Ba4 28. Nbc5 Bxc5 29. Nxc5 Rxe2 30. Qxe2 Bxd1 31. Qxd1 Qd6 32. Nxb7
Qxd5 33. Qxd5 Nxd5 34. Rd2 Nb4 35. Nd6 Ra8 36. Ne4 Rc8 37. Bc5 Nc6 38. b4
Nf6 39. Nxf6+ gxf6 40. Rd6 Kg7 41. Kf2 Rc7 42. Bb6 Rc8 43. b5 axb5 44. a6
b4 45. a7 b3 46. Rxc6 Rxc6 47. a8=Q Rxb6 48. Qd8 Rb4 49. g5 hxg5 50. hxg5
Rf4+ 51. Ke3 Rxf5 52. gxf6+ Rxf6 53. Qb8 Re6 54. Ke4 Rg6 55. Qxb3 Re6 56.
Qb8 Rg6 57. Qxe5+ Kg8 58. Kf5 Re6 59. Ke4 1/2-1/2

[Event "7th Open"]
[Site "Dubai UAE"]
[Date "2005.04.12"]
[Round "9"]
[White "Guseinov,G"]
[Black "Aleksandrov,A"]
[Result "1-0"]
[WhiteElo "2573"]
[BlackElo "2635"]
[EventDate "2005.04.04"]

1. e4 e5 2. Nf3 Nc6 3. Bb5 Nf6 4. O-O Nxe4 5. d4 Nd6 6. dxe5 Nxb5 7. a4 d6
8. e6 fxe6 9. axb5 Ne7 10. Nc3 Nf5 11. Nd4 Nxd4 12. Qxd4 c5 13. bxc6 bxc6
14. Re1 a6 15. Ne4 e5 16. Qc3 Qc7 17. f4 d5 18. Ng5 e4 19. Nxe4 dxe4 20.
Rxe4+ Be7 21. Qxg7 Rf8 22. Be3 Bf5 23. Re5 Rf7 24. Qg8+ Rf8 25. Qg7 Rf7 26.
Qg8+ Rf8 27. Qc4 c5 28. Bxc5 Rf7 29. Rae1 Rc8 30. Rxe7+ Qxe7 31. Rxe7+ Rxe7
32. Qg8+ 1-0

[Event "7th Open"]
[Site "Dubai UAE"]
[Date "2005.04.12"]
[Round "9"]
[White "Efimenko,Z"]
[Black "Fedorchuk,S"]
[Result "1-0"]
[WhiteElo "2620"]
[BlackElo "2577"]
[EventDate "2005.04.04"]

1. e4 e5 2. Nf3 Nc6 3. Bb5 a6 4. Ba4 Nf6 5. O-O b5 6. Bb3 Bc5 7. a4 Bb7 8.
d3 b4 9. Nbd2 d6 10. Nc4 h6 11. a5 O-O 12. Be3 Nd4 13. Bxd4 Bxd4 14. Nxd4
exd4 15. Nd2 Bc8 16. h3 Be6 17. f4 Bxb3 18. Nxb3 c5 19. Qf3 Qc7 20. Nd2
Rad8 21. b3 Rfe8 22. Kh1 d5 23. e5 Nh7 24. Qh5 f6 25. Nf3 fxe5 26. Nxe5 Nf6
27. Qf5 Rd6 28. Rfe1 Rde6 29. Re2 R6e7 30. Rae1 c4 31. Kh2 cxb3 32. cxb3
Nd7 33. Qh5 Nf6 34. Qg6 Re6 35. Qf5 R6e7 36. Qg6 Re6 37. Qg3 R6e7 38. Qf2
Qc3 39. Rb1 Rc7 40. Ree1 Qc5 41. Rbc1 Qxa5 42. Qxd4 Rec8 43. Rxc7 Rxc7 44.
Ng6 Qc5 45. Qe5 d4 46. Qe6+ Kh7 47. Ne7 Qb5 48. f5 Rc2 49. Ng6 Qb8+ 50. Kh1
a5 51. Qf7 Rc8 52. Rb1 Qd6 53. Re1 Qg3 54. Qe6 Rb8 55. Rd1 Re8 56. Qf7 Qb8
57. Rc1 Qd6 58. Rf1 Nh5 59. Qxe8 Ng3+ 60. Kg1 1-0

[Event "7th Open"]
[Site "Dubai UAE"]
[Date "2005.04.12"]
[Round "9"]
[White "Sturua,Z"]
[Black "Ni Hua"]
[Result "1/2-1/2"]
[WhiteElo "2530"]
[BlackElo "2638"]
[EventDate "2005.04.04"]

1. d4 d5 2. c4 c6 3. Nf3 Nf6 4. Nc3 dxc4 5. a4 Bf5 6. e3 e6 7. Bxc4 Bb4 8.
O-O O-O 9. Qe2 Nbd7 10. e4 Bg6 11. Bd3 Bh5 12. e5 Nd5 13. Nxd5 cxd5 14. Qe3
Be7 15. Bd2 Rc8 16. Ne1 Bg6 17. Bc3 Qb6 18. a5 Qb3 19. Be2 Rc7 20. Nf3 Qc2
21. Nd2 h5 22. f4 Rfc8 23. Rfc1 Qf5 24. Nf1 h4 25. Qf2 Bb4 26. Ne3 Qe4 27.
Nd1 f6 28. Ra4 Be7 29. Rca1 fxe5 30. dxe5 d4 31. Rxd4 Qc6 32. Bf3 Qb5 33.
Bg4 Qb3 34. Ne3 Bc5 35. Rd2 Rf8 36. Re1 b5 37. Qxh4 Qc4 38. Rf2 Bxe3 39.
Rxe3 b4 40. Be1 Nc5 41. Qh3 Rxf4 42. Be2 Qd4 43. Rxf4 Qxf4 44. b3 Rf7 45.
Qg3 Qd4 46. Bf2 Ne4 47. Rxe4 Qxe4 48. Bc4 Qb1+ 49. Be1 Bf5 50. h3 Rd7 51.
Qe3 Rd1 52. Kf2 Qa2+ 53. Qe2 Ra1 54. Bxb4 Qb1 55. Kg3 Ra2 56. Qf3 Kf7 57.
a6 Qe4 58. Bc3 Rc2 59. Bd4 Qe1+ 60. Kh2 Qe4 61. Qxe4 Bxe4 62. Kg1 Rxg2+ 63.
Kf1 Ra2 64. b4 Rc2 65. Be2 Rc7 66. b5 Bd5 67. Kf2 Rc2 68. Ke3 Rxe2+ 1/2-1/2

[Event "7th Open"]
[Site "Dubai UAE"]
[Date "2005.04.12"]
[Round "9"]
[White "Zhou Jianchao"]
[Black "Ghaem Maghami,E"]
[Result "1-0"]
[WhiteElo "2473"]
[BlackElo "2632"]
[EventDate "2005.04.04"]

1. d4 Nf6 2. c4 c5 3. d5 b5 4. cxb5 a6 5. bxa6 g6 6. Nc3 Bxa6 7. Nf3 d6 8.
e4 Bxf1 9. Kxf1 Bg7 10. g3 O-O 11. Kg2 Nbd7 12. h3 Ra6 13. Re1 Qa8 14. Re2
Nb6 15. Qc2 Na4 16. Nd1 Nb6 17. Nc3 Na4 18. Nd1 Nd7 19. Rb1 Nab6 20. b4
cxb4 21. Rxb4 f5 22. Ne3 Rc8 23. Qb1 fxe4 24. Ng5 Be5 25. Rb5 Na4 26. Bd2
Nac5 27. Bb4 Bd4 28. Bxc5 Nxc5 29. Nc2 Qxd5 30. Nxe4 Ra4 31. Rb8 Ra8 32.
Rxc8+ Rxc8 33. Nxd4 Qxd4 34. Nxc5 Qxc5 35. Rxe7 Qc6+ 36. Kg1 Qc1+ 37. Qxc1
Rxc1+ 38. Kg2 d5 39. a4 Ra1 40. Ra7 Ra3 41. a5 d4 42. a6 h5 43. f4 Kf8 44.
g4 hxg4 45. hxg4 Kg8 46. Kf2 Kf8 47. Ke2 Kg8 48. f5 gxf5 49. gxf5 d3+ 50.
Kd2 Kf8 51. f6 1-0

[Event "7th Open"]
[Site "Dubai UAE"]
[Date "2005.04.12"]
[Round "9"]
[White "Riazantsev,A"]
[Black "Mchedlishvili,M"]
[Result "0-1"]
[WhiteElo "2608"]
[BlackElo "2518"]
[EventDate "2005.04.04"]

1. d4 Nf6 2. c4 e6 3. Nf3 b6 4. g3 Ba6 5. Qb3 Nc6 6. Nbd2 Na5 7. Qc3 d5 8.
cxd5 Nxd5 9. Qc2 c5 10. a3 Rc8 11. dxc5 Rxc5 12. Qd1 Rc8 13. e4 Bxf1 14.
Kxf1 Nf6 15. Kg2 Be7 16. b4 Nc6 17. Bb2 O-O 18. Qe2 Qd7 19. e5 Nd5 20. Ne4
Nb8 21. b5 Qb7 22. Nd4 Nd7 23. Nc6 Nc5 24. Rhd1 Nxe4 25. Qxe4 Bc5 26. Rd3
a6 27. a4 Nb4 28. Rb3 Nxc6 29. bxc6 Qxc6 30. Qxc6 Rxc6 31. Rd1 Rc7 32. Rdd3
h6 33. h4 Rb8 34. h5 b5 35. axb5 axb5 36. Bd4 Be7 37. f4 b4 38. Kf3 Rd7 39.
Bb2 Rbd8 40. Rxd7 Rxd7 41. Ke2 f5 42. exf6 gxf6 43. g4 Kf7 44. Bc1 Rd5 45.
Bd2 Bd6 46. Rb2 Rd4 47. Be3 Rc4 48. Kd3 Rc3+ 49. Ke2 b3 50. g5 fxg5 51.
fxg5 hxg5 52. Bxg5 Rh3 53. Bd2 Be5 54. Rb1 b2 55. h6 Ra3 56. Kd1 Ra1 57.
Kc2 Bd4 58. Bg5 Kg6 59. Bf4 e5 60. Bd2 Rxb1 61. Kxb1 e4 62. Kc2 Bh8 63. Be3
Kf5 64. Bc5 Kg6 65. Be3 Kh5 66. Bd2 Kg4 67. h7 Kf3 68. Bb4 e3 69. Ba3 e2
70. Bb4 Kf2 0-1